[Event "Skalica Rapid 2020"]
[Site "Skalica"]
[Date "2020.08.29"]
[Round "2.11"]
[White "Gurevich, Michele"]
[Black "Kaplan, Milan"]
[Result "1-0"]
[WhiteElo "1107"]
[BlackElo "1762"]
[Annotator "NA"]
[PlyCount "59"]
[EventDate "2020.08.29"]
[EventType "swiss"]
[EventCountry "SVK"]
[SourceTitle "playchess.com"]
[Source "ChessBase"]
[SourceQuality "1"]
[TimeControl "600+5"]

1. e4 {[%emt 0:00:00]} c5 {[%emt 0:00:12]} 2. Nf3 {[%emt 0:00:00]} Nc6 {[%emt 0:00:02]} 3. Bc4 {[%emt 0:00:10]} e6 {[%emt 0:00:07]} 4. O-O {[%emt 0:00:26]} Nf6 {[%emt 0:00:21]} 5. d3 {[%emt 0:00:22]} d5 {[%emt 0:00:17]} 6. Bb5 {[%emt 0:00:35]} Be7 {[%emt 0:01:39]} 7. e5 {[%emt 0:00:31]} Nd7 {[%emt 0:00:03]} 8. Bxc6 {[%emt 0:00:14]} bxc6 {[%emt 0:00:02]} 9. d4 {[%emt 0:00:52]} O-O {[%emt 0:00:09]} 10. dxc5 {[%emt 0:00:30]} Bxc5 {[%emt 0:01:21]} 11. Be3 {[%emt 0:00:12]} Bxe3 {[%emt 0:00:25]} 12. fxe3 {[%emt 0:00:02]} Qb6 {[%emt 0:00:19]} 13. Qe2 {[%emt 0:00:29]} Qxb2 {[%emt 0:00:25]} 14. Nbd2 {[%emt 0:01:34]} Qxc2 {[%emt 0:01:16]} 15. Rfc1 {[%emt 0:00:31]} Qf5 {[%emt 0:00:24]} 16. Nd4 {[%emt 0:00:25]} Qxe5 {[%emt 0:00:24]} 17. Rf1 {[%emt 0:00:19]} c5 {[%emt 0:00:28]} 18. N4f3 {[%emt 0:00:17]} Qh5 {[%emt 0:00:09]} 19. Qf2 {[%emt 0:00:26]} Ba6 {[%emt 0:00:30]} 20. Rfe1 {[%emt 0:00:21]} Rab8 {[%emt 0:00:19]} 21. e4 {[%emt 0:00:18]} d4 {[%emt 0:00:11]} 22. Qg3 {[%emt 0:00:28]} e5 {[%emt 0:00:10]} 23. Rad1 {[%emt 0:00:53]} c4 {[%emt 0:00:06]} 24. Nb1 {[%emt 0:00:11]} c3 {[%emt 0:00:12]} 25. Na3 {[%emt 0:00:17]} Rb2 {[%emt 0:00:43]} 26. Rc1 {[%emt 0:00:36]} Rxa2 {[%emt 0:00:15]} 27. Nc2 {[%emt 0:00:04]} Bd3 {[%emt 0:00:16]} 28. Nb4 {[%emt 0:00:12]} Rd2 {[%emt 0:00:05]} 29. Nxd2 {[%emt 0:00:04]} cxd2 {[%emt 0:00:02]} 30. Nxd3 {[%emt 0:00:07]} 1-0

[Event "Skalica Rapid 2020"]
[Site "Skalica"]
[Date "2020.08.29"]
[Round "2.12"]
[White "Ihnat Marek"]
[Black "Cajka Tibor"]
[Result "0-1"]
[WhiteElo "1738"]
[BlackElo "2116"]
[Annotator "ChessBase"]
[PlyCount "24"]
[EventDate "2020.08.29"]
[EventType "swiss"]
[EventCountry "SVK"]
[SourceTitle "playchess.com"]
[Source "ChessBase"]
[SourceQuality "1"]
[TimeControl "600+5"]

1. e4 {[%emt 0:00:00]} c5 {[%emt 0:00:00]} 2. Nc3 {[%emt 0:00:00]} Nc6 {[%emt 0:00:00]} 3. Nf3 {[%emt 0:00:04]} e6 {[%emt 0:00:02]} 4. d4 {[%emt 0:00:00]} cxd4 {[%emt 0:00:02]} 5. Nxd4 {[%emt 0:00:02]} Nf6 {[%emt 0:00:01]} 6. Ndb5 {[%emt 0:00:00]} e5 {[%emt 0:00:17]} 7. Bg5 {[%emt 0:00:00]} d6 {[%emt 0:00:05]} 8. Bxf6 {[%emt 0:00:00]} Be7 {[%emt 0:00:05]} 9. Bg5 {[%emt 0:00:05]} Bf8 {[%emt 0:00:05]} 10. Na3 {[%emt 0:00:01]} Be7 {[%emt 0:00:00]} 11. Nd5 {[%emt 0:00:01]} b5 {[%emt 0:00:02]} 12. Bf6 {[%emt 0:00:01]} a6 {[%emt 0:00:14]} 0-1

[Event "Skalica Rapid 2020"]
[Site "Skalica"]
[Date "2020.08.29"]
[Round "2.12"]
[White "Bucek, Miroslav"]
[Black "Tupy, Bystrik"]
[Result "1-0"]
[WhiteElo "1422"]
[BlackElo "1702"]
[Annotator "NA"]
[PlyCount "47"]
[EventDate "2020.08.29"]
[EventType "swiss"]
[EventCountry "SVK"]
[SourceTitle "playchess.com"]
[Source "ChessBase"]
[SourceQuality "1"]
[TimeControl "600+5"]

1. e4 {[%emt 0:00:00]} e5 {[%emt 0:00:00]} 2. Nf3 {[%emt 0:00:00]} Nc6 {[%emt 0:00:00]} 3. Bb5 {[%emt 0:00:02]} a6 {[%emt 0:00:02]} 4. Ba4 {[%emt 0:00:02]} Nf6 {[%emt 0:00:07]} 5. O-O {[%emt 0:00:05]} d6 {[%emt 0:00:06]} 6. Re1 {[%emt 0:00:07]} Bg4 {[%emt 0:00:04]} 7. h3 {[%emt 0:00:06]} Bd7 {[%emt 0:00:02]} 8. c3 {[%emt 0:00:06]} Be7 {[%emt 0:00:03]} 9. d4 {[%emt 0:00:06]} exd4 {[%emt 0:00:03]} 10. cxd4 {[%emt 0:00:02]} O-O {[%emt 0:00:06]} 11. Bg5 {[%emt 0:00:19]} Ne8 {[%emt 0:00:13]} 12. Bxe7 {[%emt 0:00:13]} Nxe7 {[%emt 0:00:02]} 13. Bc2 {[%emt 0:00:11]} Ng6 {[%emt 0:00:05]} 14. Nc3 {[%emt 0:00:05]} Nh4 {[%emt 0:00:30]} 15. e5 {[%emt 0:01:02]} dxe5 {[%emt 0:00:40]} 16. Nxe5 {[%emt 0:00:33]} Qg5 {[%emt 0:01:18]} 17. g4 {[%emt 0:01:04]} h5 {[%emt 0:01:11]} 18. Nxd7 {[%emt 0:00:14]} hxg4 {[%emt 0:00:29]} 19. Qxg4 {[%emt 0:00:08]} Nf3+ {[%emt 0:00:13]} 20. Kg2 {[%emt 0:00:56]} Nxe1+ {[%emt 0:01:53]} 21. Rxe1 {[%emt 0:00:04]} Qd2 {[%emt 0:00:39]} 22. Qe4 {[%emt 0:00:24]} Qg5+ {[%emt 0:00:21]} 23. Kf1 {[%emt 0:00:17]} Nf6 {[%emt 0:00:06]} 24. Nxf6+ {[%emt 0:00:06]} 1-0

[Event "Skalica Rapid 2020"]
[Site "Skalica"]
[Date "2020.08.29"]
[Round "2.13"]
[White "Bombek Peter"]
[Black "Krupa Miroslav"]
[Result "0-1"]
[WhiteElo "2090"]
[BlackElo "1816"]
[Annotator "ChessBase"]
[PlyCount "90"]
[EventDate "2020.08.29"]
[EventType "swiss"]
[EventCountry "SVK"]
[SourceTitle "playchess.com"]
[Source "ChessBase"]
[SourceQuality "1"]
[TimeControl "600+5"]

1. d4 {[%emt 0:00:00]} Nf6 {[%emt 0:00:00]} 2. Bg5 {[%emt 0:00:00]} d5 {[%emt 0:00:15]} 3. Nd2 {[%emt 0:00:03]} Bf5 {[%emt 0:00:09]} 4. e3 {[%emt 0:00:12]} e6 {[%emt 0:00:04]} 5. c4 {[%emt 0:00:05]} c6 {[%emt 0:00:05]} 6. Qb3 {[%emt 0:00:07]} Qc7 {[%emt 0:01:21]} 7. Bf4 {[%emt 0:00:09]} Qc8 {[%emt 0:00:26]} 8. Ngf3 {[%emt 0:00:15]} h6 {[%emt 0:01:04]} 9. h3 {[%emt 0:00:03]} Be7 {[%emt 0:00:02]} 10. Be2 {[%emt 0:00:03]} Nbd7 {[%emt 0:00:08]} 11. O-O {[%emt 0:00:11]} O-O {[%emt 0:00:03]} 12. Rac1 {[%emt 0:00:02]} Ne4 {[%emt 0:02:14]} 13. Rfd1 {[%emt 0:01:04]} Ndf6 {[%emt 0:01:47]} 14. Ne5 {[%emt 0:00:30]} Nxd2 {[%emt 0:00:07]} 15. Rxd2 {[%emt 0:00:01]} Ne4 {[%emt 0:00:02]} 16. Rdd1 {[%emt 0:00:07]} f6 {[%emt 0:00:17]} 17. Nd3 {[%emt 0:00:42]} Qd7 {[%emt 0:00:13]} 18. f3 {[%emt 0:00:49]} Ng5 {[%emt 0:00:04]} 19. h4 {[%emt 0:00:41]} Nf7 {[%emt 0:00:01]} 20. Bg3 {[%emt 0:00:17]} g5 {[%emt 0:00:28]} 21. Nf2 {[%emt 0:00:19]} Bd6 {[%emt 0:01:26]} 22. Bxd6 {[%emt 0:00:19]} Nxd6 {[%emt 0:00:02]} 23. cxd5 {[%emt 0:00:20]} exd5 {[%emt 0:00:03]} 24. e4 {[%emt 0:00:23]} Be6 {[%emt 0:00:02]} 25. e5 {[%emt 0:00:30]} fxe5 {[%emt 0:00:19]} 26. dxe5 {[%emt 0:00:02]} Nf7 {[%emt 0:00:03]} 27. Nd3 {[%emt 0:00:28]} b6 {[%emt 0:00:34]} 28. hxg5 {[%emt 0:00:50]} Nxg5 {[%emt 0:00:23]} 29. f4 {[%emt 0:00:41]} Ne4 {[%emt 0:00:03]} 30. Bf3 {[%emt 0:00:10]} Kh8 {[%emt 0:00:29]} 31. Qc2 {[%emt 0:00:24]} Bf5 {[%emt 0:00:04]} 32. Qxc6 {[%emt 0:00:15]} Rac8 {[%emt 0:00:10]} 33. Qxd7 {[%emt 0:00:10]} Bxd7 {[%emt 0:00:01]} 34. g3 {[%emt 0:00:29]} Be6 {[%emt 0:00:12]} 35. Bxe4 {[%emt 0:00:42]} dxe4 {[%emt 0:00:00]} 36. Nb4 {[%emt 0:00:06]} Bg4 {[%emt 0:00:05]} 37. Rxc8 {[%emt 0:00:25]} Rxc8 {[%emt 0:00:01]} 38. Re1 {[%emt 0:00:13]} Bf3 {[%emt 0:00:05]} 39. Nd5 {[%emt 0:00:17]} Rc2 {[%emt 0:00:02]} 40. e6 {[%emt 0:00:22]} e3 {[%emt 0:00:18]} 41. e7 {[%emt 0:00:07]} Rg2+ {[%emt 0:00:01]} 42. Kf1 {[%emt 0:00:03]} e2+ {[%emt 0:00:01]} 43. Rxe2 {[%emt 0:00:04]} Rxe2 {[%emt 0:00:02]} 44. f5 {[%emt 0:00:32]} Re5 {[%emt 0:00:12]} 45. f6 {[%emt 0:00:03]} Bxd5 {[%emt 0:00:02]} 0-1

[Event "Skalica Rapid 2020"]
[Site "Skalica"]
[Date "2020.08.29"]
[Round "2.14"]
[White "Svorad Tomas"]
[Black "Blaho Stefan"]
[Result "0-1"]
[WhiteElo "1000"]
[BlackElo "2090"]
[Annotator "TA"]
[PlyCount "11"]
[EventDate "2020.08.29"]
[EventType "swiss"]
[EventCountry "SVK"]
[SourceTitle "playchess.com"]
[Source "ChessBase"]
[SourceQuality "1"]

{[%evp 9,11,-366,-358,-370]} 1. e4 c5 2. Nf3 d6 3. Bb5+ Nd7 {[#]} 4. Nd4 $146 ({Predecessor:} 4. d4 cxd4 5. Qxd4 a6 6. Bxd7+ Bxd7 7. c4 Nf6 8. Nc3 g6 9. O-O Bg7 10. a4 Bc6 11. Qd3 Nd7 12. Be3 Nc5 13. Qc2 O-O 14. Nd4 Rc8 {½-½ (42) Carlsen,M (2863)-Ding,L (2791) chess24.com INT 2020}) 4... cxd4 5. O-O Ngf6 6. Re1 {B51: Sicilian: Moscow Variation (3 Bb5+) without 3...Bd7.} 0-1

[Event "Skalica Rapid 2020"]
[Site "Skalica"]
[Date "2020.08.29"]
[Round "2.16"]
[White "Janas Peter"]
[Black "Striskova Lucia"]
[Result "0-1"]
[WhiteElo "1562"]
[BlackElo "1484"]
[Annotator "NA"]
[PlyCount "70"]
[EventDate "2020.08.29"]
[EventType "swiss"]
[EventCountry "SVK"]
[SourceTitle "playchess.com"]
[Source "ChessBase"]
[SourceQuality "1"]
[TimeControl "600+5"]

1. d4 {[%emt 0:00:01]} Nf6 {[%emt 0:00:00]} 2. Nf3 {[%emt 0:00:03]} g6 {[%emt 0:00:00]} 3. c4 {[%emt 0:00:04]} Bg7 {[%emt 0:00:00]} 4. Nc3 {[%emt 0:00:02]} d5 {[%emt 0:00:00]} 5. cxd5 {[%emt 0:00:11]} Nxd5 {[%emt 0:00:02]} 6. e4 {[%emt 0:00:02]} Nxc3 {[%emt 0:00:01]} 7. bxc3 {[%emt 0:00:01]} c5 {[%emt 0:00:07]} 8. Be3 {[%emt 0:00:03]} Nc6 {[%emt 0:00:04]} 9. Bb5 {[%emt 0:00:11]} O-O {[%emt 0:00:07]} 10. Bxc6 {[%emt 0:00:13]} bxc6 {[%emt 0:00:02]} 11. Rc1 {[%emt 0:00:29]} Ba6 {[%emt 0:00:47]} 12. Qa4 {[%emt 0:01:22]} Bb5 {[%emt 0:00:50]} 13. Qa3 {[%emt 0:00:11]} cxd4 {[%emt 0:00:45]} 14. cxd4 {[%emt 0:00:37]} Qd7 {[%emt 0:01:24]} 15. Qc5 {[%emt 0:01:01]} Qg4 {[%emt 0:00:32]} 16. Qg5 {[%emt 0:02:55]} Qxe4 {[%emt 0:00:03]} 17. a4 {[%emt 0:01:18]} Bxa4 {[%emt 0:00:36]} 18. O-O {[%emt 0:00:05]} Rad8 {[%emt 0:01:42]} 19. Qa5 {[%emt 0:00:16]} Bb5 {[%emt 0:00:08]} 20. Rfe1 {[%emt 0:00:03]} Qg4 {[%emt 0:00:34]} 21. Qxa7 {[%emt 0:00:16]} Rd7 {[%emt 0:00:25]} 22. Qc5 {[%emt 0:00:28]} e6 {[%emt 0:00:57]} 23. Ne5 {[%emt 0:00:29]} Bxe5 {[%emt 0:00:02]} 24. dxe5 {[%emt 0:00:02]} Rd5 {[%emt 0:00:14]} 25. Qc3 {[%emt 0:00:06]} Rfd8 {[%emt 0:00:21]} 26. Bh6 {[%emt 0:00:25]} Qh5 {[%emt 0:00:13]} 27. Bf4 {[%emt 0:00:12]} Rd4 {[%emt 0:00:16]} 28. Bg3 {[%emt 0:00:13]} Rc4 {[%emt 0:00:24]} 29. Qa5 {[%emt 0:00:25]} Rc8 {[%emt 0:00:40]} 30. Rxc4 {[%emt 0:00:08]} Bxc4 {[%emt 0:00:01]} 31. Qc5 {[%emt 0:00:13]} Bd5 {[%emt 0:00:04]} 32. h3 {[%emt 0:00:10]} Qf5 {[%emt 0:00:07]} 33. Re3 {[%emt 0:00:14]} Qb1+ {[%emt 0:00:09]} 34. Kh2 {[%emt 0:00:01]} Qf1 {[%emt 0:00:03]} 35. f4 {[%emt 0:00:19]} Qxg2# {[%emt 0:00:03]} 0-1

[Event "Skalica Rapid 2020"]
[Site "Skalica"]
[Date "2020.08.29"]
[Round "2.18"]
[White "Krakovsky Peter"]
[Black "Takacs Laszlo"]
[Result "0-1"]
[WhiteElo "1661"]
[BlackElo "2128"]
[Annotator "ChessBase"]
[PlyCount "52"]
[EventDate "2020.08.29"]
[EventType "swiss"]
[EventCountry "SVK"]
[SourceTitle "playchess.com"]
[Source "ChessBase"]
[SourceQuality "1"]
[TimeControl "600+5"]

1. c4 {[%emt 0:00:00]} e5 {[%emt 0:00:00]} 2. Nc3 {[%emt 0:00:00]} Nf6 {[%emt 0:00:00]} 3. g3 {[%emt 0:00:00]} d5 {[%emt 0:00:00]} 4. cxd5 {[%emt 0:00:01]} Nxd5 {[%emt 0:00:01]} 5. Bg2 {[%emt 0:00:06]} Nb6 {[%emt 0:00:02]} 6. d3 {[%emt 0:00:00]} Nc6 {[%emt 0:00:04]} 7. Be3 {[%emt 0:00:02]} Be7 {[%emt 0:00:03]} 8. Nf3 {[%emt 0:00:00]} O-O {[%emt 0:00:03]} 9. O-O {[%emt 0:00:00]} f5 {[%emt 0:00:11]} 10. Nd2 {[%emt 0:00:11]} f4 {[%emt 0:00:14]} 11. Bxb6 {[%emt 0:00:05]} axb6 {[%emt 0:00:04]} 12. a3 {[%emt 0:00:02]} Kh8 {[%emt 0:00:24]} 13. Qb3 {[%emt 0:00:02]} Nd4 {[%emt 0:00:10]} 14. Qd1 {[%emt 0:00:27]} c6 {[%emt 0:00:46]} 15. Nc4 {[%emt 0:00:06]} Qc7 {[%emt 0:00:18]} 16. Ne4 {[%emt 0:00:13]} Bg4 {[%emt 0:00:14]} 17. h3 {[%emt 0:00:04]} Bxe2 {[%emt 0:00:05]} 18. Qe1 {[%emt 0:00:12]} f3 {[%emt 0:00:24]} 19. Bh1 {[%emt 0:00:08]} b5 {[%emt 0:00:04]} 20. Ne3 {[%emt 0:00:46]} Qd7 {[%emt 0:00:15]} 21. Kh2 {[%emt 0:00:17]} c5 {[%emt 0:01:15]} 22. Rg1 {[%emt 0:00:04]} Ra6 {[%emt 0:00:06]} 23. Rc1 {[%emt 0:00:47]} Qxh3+ {[%emt 0:02:07]} 24. Kxh3 {[%emt 0:00:10]} Rh6+ {[%emt 0:00:03]} 25. Kg4 {[%emt 0:00:02]} Rf4+ {[%emt 0:00:04]} 26. gxf4 {[%emt 0:00:02]} Rh4+ {[%emt 0:00:02]} 0-1

[Event "Skalica Rapid 2020"]
[Site "Skalica"]
[Date "2020.08.29"]
[Round "3.1"]
[White "Matejovic Juraj"]
[Black "Pacher Milan"]
[Result "1/2-1/2"]
[WhiteElo "2219"]
[BlackElo "2452"]
[Annotator "TA"]
[PlyCount "39"]
[EventDate "2020.08.29"]
[EventType "swiss"]
[EventCountry "SVK"]
[SourceTitle "playchess.com"]
[Source "ChessBase"]
[SourceQuality "1"]

{[%evp 14,39,26,27,43,34,68,70,72,72,72,71,77,72,91,93,92,97,93,91,198,183,194,183,188,138,137,149]} 1. e4 c5 2. Nf3 Nc6 3. Nc3 e5 4. Bc4 d6 5. d3 Be7 6. Nd2 Nf6 7. Nf1 O-O 8. Ne3 Na5 {8...Nd7 is a critical line. B30: Sicilian: 2...Nc6 3 Bb5, lines without ...g6.} 9. O-O Nxc4 10. dxc4 Be6 {White is slightly better.} 11. Qf3 {[#]} a6 $146 ({Predecessor:} 11... g6 12. Ned5 Nxd5 13. cxd5 Bd7 14. Bh6 Re8 15. Qg3 f5 16. f4 Bf6 17. fxe5 Bxe5 {0-1 (35) Torres,J-Granda Zuniga,J (2600) Peru 1996}) 12. a4 {[%cal Ba2a4,Ba4a5][%mdl 32]} Qb6 13. a5 Qc6 14. Nf5 Bxf5 15. Qxf5 g6 16. Qf3 Ne8 (16... Qd7 $16) 17. Nd5 $18 {White is clearly better.} Bd8 18. Bh6 Ng7 19. Rad1 f5 20. exf5 {Accuracy: White = 91%, Black = 71%.} 1/2-1/2

[Event "Skalica Rapid 2020"]
[Site "Skalica"]
[Date "2020.08.29"]
[Round "3.1"]
[White "Pniaczek, Marek"]
[Black "Ihnat, Marek"]
[Result "1-0"]
[WhiteElo "1969"]
[BlackElo "1738"]
[Annotator "ChessBase"]
[PlyCount "47"]
[EventDate "2020.08.29"]
[EventType "swiss"]
[EventCountry "SVK"]
[SourceTitle "playchess.com"]
[Source "ChessBase"]
[SourceQuality "1"]
[TimeControl "600+5"]

1. e4 {[%emt 0:00:00]} c5 {[%emt 0:00:00]} 2. Nf3 {[%emt 0:00:00]} Nc6 {[%emt 0:00:00]} 3. d4 {[%emt 0:00:00]} cxd4 {[%emt 0:00:00]} 4. Nxd4 {[%emt 0:00:01]} g6 {[%emt 0:00:00]} 5. c4 {[%emt 0:00:01]} Nf6 {[%emt 0:00:01]} 6. Nc3 {[%emt 0:00:09]} d6 {[%emt 0:00:00]} 7. f3 {[%emt 0:00:07]} Nxd4 {[%emt 0:00:06]} 8. Qxd4 {[%emt 0:00:04]} Bg7 {[%emt 0:00:01]} 9. Be3 {[%emt 0:00:01]} O-O {[%emt 0:00:02]} 10. Qd2 {[%emt 0:01:10]} a5 {[%emt 0:00:01]} 11. Na4 {[%emt 0:00:11]} Bd7 {[%emt 0:00:37]} 12. Nb6 {[%emt 0:00:13]} Ra6 {[%emt 0:00:36]} 13. c5 {[%emt 0:00:18]} dxc5 {[%emt 0:00:02]} 14. Nxd7 {[%emt 0:00:05]} Nxd7 {[%emt 0:00:15]} 15. Bxa6 {[%emt 0:00:02]} bxa6 {[%emt 0:00:01]} 16. O-O {[%emt 0:00:04]} Qc7 {[%emt 0:00:07]} 17. Rfd1 {[%emt 0:00:14]} Ne5 {[%emt 0:00:06]} 18. Rac1 {[%emt 0:00:04]} c4 {[%emt 0:00:30]} 19. Kh1 {[%emt 0:00:52]} Qb7 {[%emt 0:00:34]} 20. Bd4 {[%emt 0:00:41]} Nd3 {[%emt 0:00:20]} 21. Bxg7 {[%emt 0:00:10]} Kxg7 {[%emt 0:00:03]} 22. Rxc4 {[%emt 0:00:09]} Nxb2 {[%emt 0:00:46]} 23. Rb1 {[%emt 0:00:15]} Nxc4 {[%emt 0:00:34]} 24. Qc3+ {[%emt 0:00:02]} 1-0

[Event "Skalica Rapid 2020"]
[Site "Skalica"]
[Date "2020.08.29"]
[Round "3.2"]
[White "Basso, Pier Luigi"]
[Black "Abel, Peter"]
[Result "1-0"]
[WhiteElo "2443"]
[BlackElo "2200"]
[Annotator "TA"]
[PlyCount "137"]
[EventDate "2020.08.29"]
[EventType "swiss"]
[EventCountry "SVK"]
[SourceTitle "playchess.com"]
[Source "ChessBase"]
[SourceQuality "1"]

{[%evp 13,137,71,71,39,75,33,72,77,102,92,99,100,101,86,116,118,130,115,131,131,143,118,140,65,69,66,67,47,86,53,60,58,60,59,59,24,31,33,115,121,177,168,177,177,177,177,177,177,184,184,184,177,177,177,177,168,176,168,168,168,177,168,184,142,184,184,177,167,191,184,191,184,184,177,177,80,177,177,177,150,204,204,204,177,177,177,177,180,258,276,269,266,273,250,284,281,359,452,457,481,455,435,441,422,425,417,407,390,538,538,541,541,506,439,561,541,543,212,212,212,212,212,250,250,1663,1530]} 1. d4 Nf6 2. c4 c5 3. d5 e5 4. Nc3 d6 5. e4 Be7 6. Bd3 O-O 7. Nge2 Nh5 8. h4 {A56: Czech Benoni.} a6 {[#]} 9. Kf1 $146 ({Predecessor:} 9. a4 Nd7 10. g3 g6 11. Bh6 Ng7 12. Qd2 Nf6 13. f3 Kh8 14. Kd1 Ng8 15. Be3 f5 {1-0 (50) Yilmaz,M (2630)-Nisipeanu,L (2655) Playchess.com INT 2020}) 9... Kh8 10. g3 {White is better.} Nf6 11. f3 Nbd7 12. Kg2 Ne8 13. a3 Ndf6 14. b4 b6 15. Rb1 Ng8 16. Qc2 Bd7 17. Bd2 Nef6 18. h5 ({Better is} 18. Be3 $16) 18... h6 19. Be3 Qc7 20. g4 Rfb8 21. a4 cxb4 22. Rxb4 Bc8 23. Ng3 Nd7 24. Rhb1 Nc5 25. Be2 Rb7 {[#]} (25... a5 $14 26. R4b2 Bd7) 26. a5 $1 $36 {[%mdl 2048] Black is under strong pressure.} Rab8 (26... bxa5 $16 {is a better defense.} 27. Rxb7 Nxb7) 27. axb6 Rxb6 28. Rxb6 Rxb6 29. Rxb6 Qxb6 {[#]} 30. Na4 $1 {[%cal Ra4b6]} Qb4 31. Nxc5 dxc5 32. Bd2 Qb6 33. Bc3 Bd6 34. Qa4 Nf6 35. Qa1 Qc7 36. Qb2 Nh7 37. Bd1 f6 38. Ba4 Nf8 39. Ne2 Kg8 40. Nc1 Kf7 41. Nd3 Nd7 42. Qb3 Ke7 43. Bb2 Nb6 44. Ba3 (44. Bc6 $18 {is more deadly.}) 44... Bd7 (44... Nxa4 $16 45. Qxa4 Qb6) 45. Bxd7 $18 Nxd7 46. Kf2 Kd8 (46... Qa5 $16 47. Ke3 Qb6) 47. Ke2 Kc8 48. Kd2 Qb7 49. Qa4 Kc7 50. Kc2 Qb6 (50... Kd8 $142 51. Nb2 Ke7) 51. Bb2 Qb7 52. Bc3 Kb8 53. Ba5 Ka7 54. Nc1 Nb6 55. Bxb6+ Kxb6 56. Nb3 Kc7 57. Qe8 Kb6 58. Qe6 Qc7 59. Qg8 Ka7 60. Qe8 Kb6 61. Qa4 Ka7 62. Na5 Kb6 63. Kc3 Ka7 64. Nc6+ Kb7 65. Qa5 $2 (65. Kc2 Bf8 66. Na5+ Ka7 67. Nc6+ Kb7 68. Na5+ Ka7 69. Nc6+ Kb7) 65... Qxa5+ 66. Nxa5+ Kb6 67. Nb3 Bc7 68. Kb2 Kb7 $2 (68... Bd6 69. Nc1 Kb7) 69. Nxc5+ {Accuracy: White = 77%, Black = 61%.} 1-0

[Event "Skalica Rapid 2020"]
[Site "Skalica"]
[Date "2020.08.29"]
[Round "3.2"]
[White "Bidulsky, Matej"]
[Black "Beres, Dominik"]
[Result "1-0"]
[WhiteElo "1548"]
[BlackElo "1988"]
[Annotator "ChessBase"]
[PlyCount "119"]
[EventDate "2020.08.29"]
[EventType "swiss"]
[EventCountry "SVK"]
[SourceTitle "playchess.com"]
[Source "ChessBase"]
[SourceQuality "1"]
[TimeControl "600+5"]

1. e4 {[%emt 0:00:00]} d6 {[%emt 0:00:00]} 2. d4 {[%emt 0:00:00]} c6 {[%emt 0:00:00]} 3. Nc3 {[%emt 0:00:00]} Qc7 {[%emt 0:00:00]} 4. Nf3 {[%emt 0:00:00]} Nd7 {[%emt 0:00:01]} 5. b3 {[%emt 0:00:02]} e5 {[%emt 0:00:02]} 6. Bb2 {[%emt 0:00:01]} Ngf6 {[%emt 0:00:02]} 7. Bd3 {[%emt 0:00:03]} Be7 {[%emt 0:00:02]} 8. O-O {[%emt 0:00:03]} O-O {[%emt 0:00:04]} 9. Ne2 {[%emt 0:00:01]} Re8 {[%emt 0:00:11]} 10. Ng3 {[%emt 0:00:02]} Bf8 {[%emt 0:00:04]} 11. Re1 {[%emt 0:00:05]} a6 {[%emt 0:00:13]} 12. c4 {[%emt 0:00:01]} c5 {[%emt 0:00:04]} 13. d5 {[%emt 0:00:42]} g6 {[%emt 0:00:13]} 14. Nd2 {[%emt 0:00:05]} Bh6 {[%emt 0:00:04]} 15. h3 {[%emt 0:00:04]} Rb8 {[%emt 0:00:17]} 16. Bc1 {[%emt 0:00:02]} b5 {[%emt 0:00:10]} 17. Qf3 {[%emt 0:00:02]} Bg7 {[%emt 0:00:05]} 18. Qd1 {[%emt 0:00:07]} Nf8 {[%emt 0:00:30]} 19. Rf1 {[%emt 0:00:13]} h5 {[%emt 0:00:31]} 20. Nf3 {[%emt 0:00:19]} Bd7 {[%emt 0:00:15]} 21. Be3 {[%emt 0:00:09]} Qc8 {[%emt 0:00:06]} 22. Qd2 {[%emt 0:00:03]} bxc4 {[%emt 0:01:11]} 23. Bxc4 {[%emt 0:00:04]} Bb5 {[%emt 0:00:37]} 24. Bh6 {[%emt 0:00:11]} N8h7 {[%emt 0:00:17]} 25. Bxg7 {[%emt 0:00:05]} Kxg7 {[%emt 0:00:02]} 26. Ng5 {[%emt 0:00:06]} Bxc4 {[%emt 0:00:20]} 27. bxc4 {[%emt 0:00:38]} h4 {[%emt 0:00:21]} 28. Nxh7 {[%emt 0:00:17]} Nxh7 {[%emt 0:00:18]} 29. Ne2 {[%emt 0:00:03]} Rb4 {[%emt 0:00:11]} 30. Qd3 {[%emt 0:00:12]} Qb7 {[%emt 0:00:31]} 31. f4 {[%emt 0:00:01]} Qe7 {[%emt 0:00:23]} 32. f5 {[%emt 0:00:13]} Qg5 {[%emt 0:00:05]} 33. a3 {[%emt 0:00:13]} Rb6 {[%emt 0:00:12]} 34. Kh2 {[%emt 0:00:24]} Reb8 {[%emt 0:00:03]} 35. fxg6 {[%emt 0:00:16]} fxg6 {[%emt 0:00:09]} 36. Rf3 {[%emt 0:00:10]} Rb3 {[%emt 0:00:20]} 37. Qxb3 {[%emt 0:00:13]} Rxb3 {[%emt 0:00:02]} 38. Rxb3 {[%emt 0:00:01]} Qd2 {[%emt 0:00:10]} 39. Rb7+ {[%emt 0:00:27]} Kh6 {[%emt 0:00:02]} 40. Ng1 {[%emt 0:00:02]} Ng5 {[%emt 0:00:15]} 41. Rf1 {[%emt 0:00:09]} Nxe4 {[%emt 0:00:16]} 42. Rff7 {[%emt 0:00:07]} Ng5 {[%emt 0:00:12]} 43. Rf8 {[%emt 0:00:03]} Nh7 {[%emt 0:00:44]} 44. Rh8 {[%emt 0:00:02]} Qf4+ {[%emt 0:00:23]} 45. Kh1 {[%emt 0:00:01]} Qxc4 {[%emt 0:00:02]} 46. Rhxh7+ {[%emt 0:00:14]} Kg5 {[%emt 0:00:01]} 47. Rbf7 {[%emt 0:00:03]} e4 {[%emt 0:00:18]} 48. g3 {[%emt 0:01:49]} hxg3 {[%emt 0:00:23]} 49. h4+ {[%emt 0:00:01]} Kg4 {[%emt 0:00:05]} 50. Rhg7 {[%emt 0:00:27]} g2+ {[%emt 0:01:12]} 51. Kh2 {[%emt 0:00:02]} Kh5 {[%emt 0:00:26]} 52. Rh7+ {[%emt 0:00:01]} Kg4 {[%emt 0:00:03]} 53. Rh6 {[%emt 0:00:03]} Qf1 {[%emt 0:00:16]} 54. Rxg6+ {[%emt 0:00:32]} Kh5 {[%emt 0:00:01]} 55. Rgg7 {[%emt 0:00:25]} c4 {[%emt 0:00:23]} 56. Nh3 {[%emt 0:00:16]} g1=Q+ {[%emt 0:00:24]} 57. Nxg1 {[%emt 0:00:02]} Qe1 {[%emt 0:00:18]} 58. Nh3 {[%emt 0:00:12]} Qd2+ {[%emt 0:00:09]} 59. Rg2 {[%emt 0:00:02]} Qe3 {[%emt 0:00:15]} 60. Rh7+ {[%emt 0:00:06]} 1-0